000 00435pab a2200145 454500
008 180718b2003 xxu||||| |||| 00| 0 eng d
100 _aJain, Sudeep
245 _aInnovations in environmental management and people's participation - a case study of Tirunelveli City Municipal Corporation
260 _c2003
300 _ap.54-62.
362 _aJul
650 _aEnvironmental management
773 _aAdministrator
909 _a59883
999 _c59883
_d59883